000 00731nam a2200181Ia 4500
008 100921s9999 xx 000 0 und d
082 _b18939
_a928 थ 83
100 _aभावे पुरूषोत्तम भास्कर.
245 _aप्रथमपुरूषी एकवचनी-2.
260 _bविश्वमोहिनी प्रकाशन,पुणे.
_c1983
300 _a207
_b---
365 _b40
520 _aचरित्रे-साहित्यिक.
630 _aप्रथमपुरूषी एकवचनी-2.
650 _aचरित्रे-साहित्यिक.
730 _aप्रथमपुरूषी एकवचनी-2.
942 _cBOOK
999 _c768052
_d768049